[Event "Stay Safe Play From Home 233"]
[Site "Emanuel Lasker Arena"]
[Date "2020.06.17"]
[Round "4"]
[White "Broken sword"]
[Black "Tartak"]
[Result "1-0"]
[WhiteElo "2446"]
[BlackElo "1790"]
[Annotator "TA"]
[PlyCount "63"]
[EventDate "2020.06.17"]
[EventType "swiss (blitz)"]

{[%evp 10,62,42,47,54,40,50,46,56,27,37,27,67,35,77,48,97,13,16,12,5,6,29,29,14,20,503,443,685,680,700,700,880,779,775,584,545,506,739,733,1195,1186,1254,1249,1893,1847,1471,1268,29983,29983,29988,29989,29998,29999,29999]} 1. d4 e6 2. c4 d5 3. Nc3 Nf6 4. Nf3 Bb4 5. Bg5 Bxc3+ 6. bxc3 Nbd7 {D38: Queen's Gambit Declined: Ragozin Defence (4 Nf3 Bb4).} 7. e3 c6 8. Qc2 (8. cxd5 {seems wilder.} cxd5 9. Bd3 h6 10. Bh4 Qa5 11. O-O) 8... Qa5 {White is slightly better.} 9. Bxf6 Nxf6 10. Bd3 Bd7 11. O-O O-O 12. Rab1 {[#]} b5 $146 {[#]} ({Predecessor:} 12... Qc7 13. Ne5 a6 14. c5 Kh8 15. f4 Kg8 16. Rf3 h6 17. Rg3 Nh5 18. Rh3 Nf6 {1-0 (28) Pribylova,S-Drastichova,A Prague 2012}) 13. cxb5 ({White should try} 13. c5 $1 $16) 13... cxb5 $11 14. Ne5 Be8 $1 15. Rfc1 Rc8 16. Qb2 a6 17. Qb4 $36 {[%mdl 2048] White has the initiative.} Qxa2 $2 {[%mdl 8192] [#] Loses the game.} (17... Qd8 $11 {and Black is okay.}) 18. Ra1 $1 $18 {[%cal Ra1a2]} Qd2 (18... a5 $142) 19. Rc2 Qxc2 20. Bxc2 Ne4 21. Bxe4 dxe4 22. Rxa6 f6 23. Ng4 Bh5 24. h3 f5 25. Ne5 Rcd8 26. Rxe6 Rf6 27. Rxf6 gxf6 28. Nc6 Rf8 29. Ne7+ {[%mdl 64] Double Attack. White mates.} Kf7 30. Nxf5 Bg6 31. Qe7+ {[%mdl 64] Double Attack} Kg8 32. Qg7# {Accuracy: White = 65%, Black = 37%.} 1-0

[Event "Stay Safe Play From Home 233"]
[Site "Emanuel Lasker Arena"]
[Date "2020.06.17"]
[Round "4"]
[White "Weltszmerc"]
[Black "Fischer_11"]
[Result "1-0"]
[WhiteElo "2149"]
[BlackElo "2048"]
[Annotator "NA RC"]
[PlyCount "101"]
[EventDate "2020.06.17"]
[EventType "swiss (blitz)"]

1. d4 {[%emt 0:00:01]} e5 {[%emt 0:00:03]} 2. Nf3 {[%emt 0:00:01]} Nc6 {[%emt 0:00:01]} 3. d5 {[%emt 0:00:01]} e4 {[%emt 0:00:01]} 4. Nd4 {[%emt 0:00:02]} Nxd4 {[%emt 0:00:01]} 5. Qxd4 {[%emt 0:00:00]} Nf6 {[%emt 0:00:01]} 6. c4 {[%emt 0:00:01]} b6 {[%emt 0:00:01]} 7. Nc3 {[%emt 0:00:01]} Bc5 {[%emt 0:00:01]} 8. Qe5+ {[%emt 0:00:03]} Qe7 {[%emt 0:00:01]} 9. Qxe7+ {[%emt 0:00:01]} Bxe7 {[%emt 0:00:01]} 10. Bg5 {[%emt 0:00:01]} O-O {[%emt 0:00:01]} 11. e3 {[%emt 0:00:02]} d6 {[%emt 0:00:01]} 12. O-O-O {[%emt 0:00:02]} Bf5 {[%emt 0:00:03]} 13. h3 {[%emt 0:00:01]} a6 {[%emt 0:00:01]} 14. g4 {[%emt 0:00:01]} Bg6 {[%emt 0:00:01]} 15. Bg2 {[%emt 0:00:01]} h6 {[%emt 0:00:01]} 16. Bxf6 {[%emt 0:00:01]} Bxf6 {[%emt 0:00:00]} 17. Nxe4 {[%emt 0:00:01]} Bxe4 {[%emt 0:00:03]} 18. Bxe4 {[%emt 0:00:00]} b5 {[%emt 0:00:01]} 19. Bd3 {[%emt 0:00:02]} Rfb8 {[%emt 0:00:06]} 20. b3 {[%emt 0:00:04]} bxc4 {[%emt 0:00:01]} 21. Bxc4 {[%emt 0:00:00]} a5 {[%emt 0:00:01]} 22. a4 {[%emt 0:00:02]} Rb4 {[%emt 0:00:02]} 23. f4 {[%emt 0:00:01]} Re8 {[%emt 0:00:02]} 24. Rhe1 {[%emt 0:00:02]} Re4 {[%emt 0:00:02]} 25. Kc2 {[%emt 0:00:02]} Rb8 {[%emt 0:00:02]} 26. Kd3 {[%emt 0:00:02]} Rbe8 {[%emt 0:00:01]} 27. Rd2 {[%emt 0:00:03]} g6 {[%emt 0:00:01]} 28. Rde2 {[%emt 0:00:01]} R4e7 {[%emt 0:00:04]} 29. Kd2 {[%emt 0:00:01]} h5 {[%emt 0:00:01]} 30. g5 {[%emt 0:00:01]} Bg7 {[%emt 0:00:01]} 31. Bd3 {[%emt 0:00:01]} Kh7 {[%emt 0:00:03]} 32. Rc1 {[%emt 0:00:02]} Rc8 {[%emt 0:00:02]} 33. Rc6 {[%emt 0:00:01]} Rd7 {[%emt 0:00:02]} 34. e4 {[%emt 0:00:01]} Rb8 {[%emt 0:00:00]} 35. Bc2 {[%emt 0:00:03]} Rb4 {[%emt 0:00:01]} 36. Rc4 {[%emt 0:00:04]} Kg8 {[%emt 0:00:00]} 37. Rxb4 {[%emt 0:00:01]} axb4 {[%emt 0:00:00]} 38. f5 {[%emt 0:00:00]} Kf8 {[%emt 0:00:00]} 39. f6 {[%emt 0:00:01]} Bh8 {[%emt 0:00:00]} 40. Bd3 {[%emt 0:00:00]} Ke8 {[%emt 0:00:00]} 41. Bc4 {[%emt 0:00:00]} Kd8 {[%emt 0:00:00]} 42. Kd3 {[%emt 0:00:00]} Bxf6 {[%emt 0:00:00]} 43. Ra2 {[%emt 0:00:00]} Be5 {[%emt 0:00:00]} 44. a5 {[%emt 0:00:01]} Kc8 {[%emt 0:00:00]} 45. a6 {[%emt 0:00:00]} Kb8 {[%emt 0:00:00]} 46. a7+ {[%emt 0:00:00]} Ka8 {[%emt 0:00:00]} 47. Bb5 {[%emt 0:00:00]} c6 {[%emt 0:00:01]} 48. Bxc6+ {[%emt 0:00:00]} Rb7 {[%emt 0:00:01]} 49. Bxb7+ {[%emt 0:00:00]} Kxb7 {[%emt 0:00:00]} 50. a8=Q+ {[%emt 0:00:00]} Kb6 {[%emt 0:00:00]} 51. Qc6# {[%emt 0:00:00] (Lag: Av=0.70s, max=1.5s)} 1-0

[Event "Stay Safe Play From Home 233"]
[Site "Emanuel Lasker Arena"]
[Date "2020.06.17"]
[Round "4"]
[White "Position"]
[Black "Bardellosport"]
[Result "1-0"]
[WhiteElo "1989"]
[BlackElo "2081"]
[Annotator "TA"]
[PlyCount "83"]
[EventDate "2020.06.17"]
[EventType "swiss (blitz)"]

{[%evp 9,83,11,8,0,0,-60,0,-20,0,-20,-14,-23,-14,-38,0,-11,-25,-76,-72,-115,19,-4,135,154,268,35,34,44,35,35,39,41,48,51,52,0,0,-29,25,29,706,687,29991,29992,29992,29993,29993,29971,6387,0,0,0,0,0,0,-163,46,0,0,0,0,0,12,-188,12825,0,12825,12825,12824,11531,29996,29997,29999,29995,29998,29999]} 1. e3 d6 2. d4 g6 3. Nf3 Bg7 4. h3 {[#]} Nc6 $146 ({Predecessor:} 4... Nf6 5. Be2 O-O 6. O-O Bf5 7. Bd3 Bxd3 8. Qxd3 c5 9. d5 a6 10. e4 b5 {1-0 (37) Green,M (2008)-De Visser,A (2000) ICCF email 2014}) 5. Bd3 e5 6. dxe5 {A40: Unusual replies to 1 d4.} dxe5 7. Bb5 ({White should play} 7. Nc3 $11) 7... Bd7 (7... Qxd1+ $15 8. Kxd1 Bd7) 8. O-O {The position is equal.} Qe7 9. Nc3 e4 10. Nd4 Nxd4 11. exd4 O-O-O 12. Be2 f5 13. Bf4 (13. Nd5 $11 Qf7 14. c4) 13... Bc6 14. d5 Be8 (14... Be5 $17 15. Bxe5 Qxe5) 15. Qd2 (15. d6 $5 cxd6 16. Nd5 $11) 15... Nf6 (15... Be5 $1 $11 {keeps the balance.}) 16. Rfd1 $16 c6 (16... Qc5 $16 17. Be3 Qf8) 17. Bc4 $2 (17. d6 $18 {Strongly threatening Qe3.} Qd7 18. Qd4) 17... cxd5 $14 18. Nxd5 Nxd5 19. Bxd5 $40 {[%mdl 128] Black must now prevent Qa5. White mounts an attack.} Bc6 $1 20. c4 {Threatens to win with Qe3.} Be5 $1 21. Bg5 Bf6 22. Bxf6 ({White should try} 22. Be3 $1 $14) 22... Qxf6 $11 23. Qa5 Kb8 (23... Bxd5 $142 24. cxd5 Kb8) 24. Bxc6 Rxd1+ $4 {[%mdl 8192]} (24... bxc6 $11 25. Rab1 Qe7) 25. Rxd1 $18 Qxc6 $11 {[%mdl 4096] Endgame KQR-KQR} 26. Qe5+ {[%mdl 64] Double Attack} Qc7 27. Qxh8+ Qc8 28. Qe5+ Ka8 29. Rd8 $2 (29. Qe7 $18 {White threatens Rd8! and mate.} a5 30. Rd8 $1 {[%mdl 512]} Qxd8 31. Qxd8+ Ka7 32. Qxa5+ Kb8 33. Qd8+ Ka7 34. Qg8) 29... Qxd8 {KQ-KQ} 30. Kh2 a6 {[%cal Ba7a6,Ba6a5,Ba5b4][%mdl 32]} 31. c5 Ka7 32. b4 $2 {[#]} (32. g3 $11) 32... Qd3 $2 (32... Qb8 $1 $19 {[%cal Rb8e5]} 33. Qg3 h6) 33. Qf6 (33. c6 $5 bxc6 34. Qc7+ Ka8 35. Qxc6+ Kb8 36. Qb6+ Kc8 37. g4 $11) 33... Qb5 34. a3 a5 35. Qd4 axb4 36. c6+ $2 (36. axb4 $11 Qd3 37. Qa1+ Qa6 38. Qb2) 36... Kb8 $4 {[%mdl 8192]} (36... Qb6 $19 37. Qxb6+ Kxb6 38. cxb7 Kxb7 39. axb4 g5) 37. Qd8+ $18 Ka7 38. c7 Qe5+ 39. g3 e3 40. c8=Q {[%csl Gd8][%cal Rc8a8] White mates.} e2 41. Qc2 e1=Q 42. Qa4+ {[%mdl 64] Double Attack. Accuracy: White = 57%, Black = 38%.} 1-0

[Event "Stay Safe Play From Home 233"]
[Site "Emanuel Lasker Arena"]
[Date "2020.06.17"]
[Round "4"]
[White "Trotsky"]
[Black "SoulofWolf"]
[Result "0-1"]
[WhiteElo "1447"]
[BlackElo "2148"]
[Annotator "TA"]
[PlyCount "58"]
[EventDate "2020.06.17"]
[EventType "swiss (blitz)"]

{[%evp 9,58,-1,0,-11,30,-75,12,-70,-14,-105,-32,-158,-46,-328,-120,-297,49,-365,-39,-317,57,-290,-278,-582,-577,-772,-768,-918,-917,-910,-827,-966,-954,-1326,-1461,-1427,-1430,-1422,-1437,-1413,-1389,-1368,-1344,-1291,-960,-932,-916,-978,-947,-29998,-29999]} 1. d4 c5 2. e3 e6 3. c4 Nf6 4. Nc3 a6 5. Nf3 d5 6. Bd3 {D40: Queen's Gambit Declined: Semi-Tarrasch with 5 e3.} Nbd7 7. Qc2 (7. cxd5 $11 exd5 8. O-O) 7... Be7 {[#]} (7... dxc4 $17 8. Bxc4 b5) 8. Bd2 $146 (8. b3 $11) ({Predecessor:} 8. O-O dxc4 9. Bxc4 b5 10. Be2 Bb7 11. a3 Rc8 12. Rd1 b4 13. Na4 cxd4 14. Qd3 {0-1 (40) Khafizov,E (1906)-Selifonova,A (1989) Kazan 2017}) 8... b6 (8... dxc4 $15 9. Bxc4 b5) 9. h4 (9. b3 $11 {remains equal.}) 9... Bb7 (9... dxc4 $17 10. Bxc4 b5) 10. Ng5 (10. cxd5 $15 Nxd5 11. Nxd5 Bxd5 12. Rc1) 10... Qc7 (10... h6 $17 11. Nf3 dxc4 12. Bxc4 b5) 11. Bxh7 $2 {[%mdl 8192]} (11. cxd5 $15 exd5 12. O-O) 11... cxd4 $2 {[#]} ({Not} 11... dxc4 12. Bg6 $14) (11... Nxh7 $19 12. Nxh7 g6 13. cxd5 {[%mdl 64] Remove Defender} exd5 14. Nxd5 {[%mdl 64] Remove Defender} Bxd5) 12. exd4 $2 (12. Bg6 $1 $17 {[%mdl 512]} O-O-O (12... fxg6 13. Qxg6+) 13. exd4 fxg6 14. Nxe6 Qxc4 15. b3) 12... Qxc4 $2 {[#]} (12... Nxh7 $19 13. Nxh7 Qxc4) 13. O-O-O $2 {[%mdl 8192]} (13. Bg6 $1 $14 {[%mdl 512] was the only good move.} O-O (13... fxg6 14. b3) 14. h5) 13... Rc8 $2 (13... Qxd4 14. Bg6 $1 $15 {[%mdl 512]}) (13... Nxh7 $19 14. Nxh7 b5) 14. Kb1 $2 {[%mdl 8192]} ({Better is} 14. Bg6 $1 $15 O-O 15. h5) 14... b5 $2 {[#]} ({Less strong is} 14... Qxd4 15. Bg6 $1 $17 {[%mdl 512]}) ({Black should play} 14... Nxh7 $19 15. Nxh7 Qxd4) 15. Nxe6 $2 {[%mdl 8192]} (15. Bg6 $1 $14 {[%mdl 512] is the one way to stay ahead.} O-O (15... fxg6 16. Qxg6+) 16. h5) 15... fxe6 ({Much less strong is} 15... Nxh7 16. Nxg7+ Kd8 17. Rhe1 $17) 16. Qg6+ $2 (16. Bg6+ {is more resistant.} Kf8 17. Rhe1) 16... Kd8 $19 17. Bg5 Rxh7 18. Bxf6 Nxf6 19. Rhe1 Rc6 20. Rc1 Qxd4 {[%mdl 64] Double Attack} 21. Nxb5 Rxc1+ 22. Rxc1 axb5 23. Qg3 e5 24. Qb3 Qe4+ 25. Ka1 Nd7 26. Qxb5 Bc8 27. Qa5+ Ke8 {...Bb7 is the strong threat.} 28. Rxc8+ Kf7 29. Qb5 Qe1+ {[%mdl 64] Double Attack. Accuracy: White =  3%, Black = 11%.} 0-1

[Event "Stay Safe Play From Home 233"]
[Site "Emanuel Lasker Arena"]
[Date "2020.06.17"]
[Round "5"]
[White "Mepe_Nika"]
[Black "Weltszmerc"]
[Result "1-0"]
[WhiteElo "2335"]
[BlackElo "2161"]
[Annotator "TA"]
[PlyCount "105"]
[EventDate "2020.06.17"]
[EventType "swiss (blitz)"]

{[%evp 15,105,13,33,-12,0,0,0,0,-2,-12,-18,-13,-8,-7,-5,-30,-7,-8,0,-16,15,-51,-53,-152,0,-70,-74,-92,-48,-96,-46,-120,-119,-127,-10,-25,-36,-27,-29,-126,-126,-136,-136,-189,-139,-208,-170,-139,-6,-131,-122,-133,-91,-88,-82,-86,0,-91,-73,-78,9,0,0,0,42,-89,-84,-85,-95,-157,-8,-8,-11,-162,-156,-162,-162,-216,-195,-201,-206,-193,-62,-62,0,-62,29978,0,29978,-62,0,-62]} 1. d4 Nf6 2. Bf4 b6 3. e3 Bb7 4. c4 d6 5. Nc3 Nbd7 6. Nf3 g6 7. Be2 Bg7 8. O-O O-O 9. b4 {E61: King's Indian: Early deviations for White, including Smyslov System.} a5 10. b5 Re8 11. h3 e5 12. Bh2 exd4 {[#]} 13. Nxd4 $146 ({Predecessor:} 13. exd4 Ne4 14. Nxe4 Bxe4 15. Rc1 Rc8 16. Nd2 Qf6 17. Bg4 Bf5 18. Bxf5 Qxf5 19. Nf3 {0-1 (47) Lopez Palomar,J (1621)-Canton Sanchez,A (1847) Mislata 2012}) 13... Ne4 $36 {[%mdl 2048] Black is more active.} 14. Nxe4 Bxe4 15. Bf3 Bxf3 16. Qxf3 Ne5 17. Qd5 Qd7 18. Rac1 (18. Rad1 $11) 18... Nd3 $15 19. Rcd1 (19. Ra1 $1 $15) 19... Nc5 $2 (19... Nb4 $17 20. Qf3 Nxa2) 20. Qc6 ({White should play} 20. f3 $11) 20... Qxc6 21. Nxc6 Re6 22. Bg3 h5 23. Rd5 {[#]} (23. Bf4 $15) 23... Ne4 $1 $17 24. Bf4 f6 (24... Nc3 $17 25. Rd2 Re4) 25. f3 Nc3 26. Rd2 g5 27. Bg3 (27. Nd4 $11 Ree8 28. Bg3) 27... Rxe3 28. Nd4 Rae8 29. Nf5 (29. Bf2 $17 R3e5 30. Ra1) 29... Ne2+ 30. Kh2 (30. Kf2 $17 R3e6 31. Bh2) 30... R3e6 31. Bf2 Nc3 (31... h4 $17 {Black wants to play ...Kh7.} 32. Rb1 Nf4) 32. Nd4 (32. Bd4 $11 {keeps the balance.} Ne2 33. Bb2) 32... R6e7 33. h4 g4 34. fxg4 hxg4 35. Nf5 Re6 (35... Re2 $17 36. Rxe2 Nxe2) 36. h5 (36. Bd4 $11 {remains equal.} Ne2 37. Bb2) 36... Ne4 37. Rc2 Nxf2 (37... Kf7 $17 {White must now prevent ...Rh8.} 38. Bd4 Rh8 39. Nxg7 Kxg7) 38. Rfxf2 Re5 39. Kg3 Re4 40. h6 (40. Rf4 $14 {stays ahead.}) 40... Bf8 41. Rf4 Kh7 42. Kxg4 (42. Rcf2 $142) 42... Rxf4+ (42... Bxh6 $17 43. Nxh6 Rxf4+ 44. Kxf4 Kxh6) 43. Kxf4 $11 Bxh6+ 44. Nxh6 $2 (44. Kf3 $1 $11 {and White is okay.}) 44... Kxh6 $17 {[%mdl 4096] Endgame KR-KR} 45. g4 Kg7 46. g5 (46. Rc3 $142) 46... Re5 47. gxf6+ Kxf6 48. Rh2 Rf5+ (48... Rc5 $19 49. Rc2 a4) 49. Ke4 $15 {And now Rh6+ would win.} Rg5 (49... Rc5 $1 $15 50. Kd4 Ke7) 50. Rh6+ (50. Rh7 $1 $11) 50... Rg6 $2 {[%mdl 8192]} (50... Ke7 $15) 51. Rh5 $2 (51. Rxg6+ Kxg6 52. Kd5 Kf5 53. Kc6 Ke4 54. Kxc7 Kd4 55. Kxb6 a4 56. Kc6) 51... Rg5 $2 {[%mdl 8192] [#]} (51... Ke6 $11) 52. Rh4 $2 (52. Rxg5 $1 {mates} Kxg5 53. Kd5 Kf4 54. Kc6 Ke4 55. Kxc7 d5 56. cxd5 Kxd5 57. Kxb6) 52... Rg6 ({Better is} 52... Ke6 $15) 53. Rf4+ {[%mdl 32768] Accuracy: White = 43%, Black = 43%. . Loss on time!?} (53. Rh7 $11) 1-0

[Event "Stay Safe Play From Home 233"]
[Site "Emanuel Lasker Arena"]
[Date "2020.06.17"]
[Round "5"]
[White "Lazieri3"]
[Black "Position"]
[Result "0-1"]
[WhiteElo "2167"]
[BlackElo "2010"]
[Annotator "TA"]
[PlyCount "148"]
[EventDate "2020.06.17"]
[EventType "swiss (blitz)"]

{[%evp 9,148,9,8,-26,-14,-15,-2,-8,0,0,-1,0,-3,-23,3,0,0,-11,0,-25,-6,-6,5,-35,-31,-26,0,0,0,-12,11,0,0,-41,-9,0,0,0,0,0,0,0,39,-4,61,0,100,93,222,0,34,39,38,0,0,0,0,0,0,0,0,0,0,-77,-77,-1334,-1231,-2150,-2213,-2102,-1983,-12827,-1750,-12841,-12842,-12842,-12843,-12843,-12843,-12844,-12844,-12845,-12845,-12846,-12847,-12849,-12849,-12850,-12849,-12850,-12850,-12850,-29989,-12851,-27999,-12851,-27999,-12851,-27999,-27999,-27999,-27999,-27999,-27999,-27999,-27999,-27999,-27999,-27999,-27999,-27999,-27999,-27999,-27993,-27993,-27995,-27993,-27994,-27993,-27994,-27993,-27994,-27993,-27994,-27993,-27994,-27993,-27994,-27994,-27995,-27994,-27995,-27994,-27995,-27994,-27995,-27995,-27997,-27995,-27996,-27995]} 1. e4 c5 2. Nc3 d6 3. d3 Nc6 4. Nf3 e6 5. Be3 Nf6 6. h3 {B50: Sicilian: 2...d6, Miscellaneous.} Be7 7. Be2 d5 8. exd5 {The position is equal.} exd5 {[#] And now ...d4 would win.} 9. d4 $146 ({Predecessor:} 9. Bg5 Be6 10. O-O O-O 11. Bf4 a6 12. Ng5 Bf5 13. Nf3 h6 14. Ne5 Nxe5 15. Bxe5 {0-1 (48) Ruiz,A-Pichler,A Dos Hermanas 2003}) 9... c4 10. O-O O-O 11. Ne5 Be6 (11... Bb4 {seems wilder.} 12. Bf3 Re8 13. Rb1 h6 14. Re1 Bf5) 12. Bf3 Rc8 13. Nxc6 (13. Re1 {looks sharper.} Qb6 14. Rb1 Rfd8 15. Ng4 h6 16. a3) 13... Rxc6 14. Ne2 a6 15. c3 Bd6 16. a3 h6 17. Bf4 Qc7 18. Bxd6 Qxd6 19. Qd2 Rb6 20. Nf4 Bf5 21. Rfd1 g5 22. Nh5 Ne4 23. Bxe4 Bxe4 24. Ng3 Bd3 25. Re1 Qg6 26. Re3 Re6 ({Better is} 26... f5 $11 27. Re5 f4) 27. Rae1 (27. Rxe6 $14 fxe6 28. Re1) 27... Rxe3 (27... Rfe8 $1 $11) 28. Qxe3 $16 b5 (28... Qd6 $16 {was necessary.}) 29. Ne2 $2 (29. Qe5 $18) 29... Bxe2 30. Rxe2 $11 {[%mdl 4096] Endgame KQR-KQR} Rd8 31. Qe5 Rd6 32. g3 Re6 $36 {[%mdl 2048] Black fights for an advantage.} 33. Qb8+ Kg7 34. Rxe6 fxe6 {KQ-KQ} 35. Qe5+ (35. Qd6 {feels hotter.} Qb1+ 36. Kh2 Qf5 37. Kg2 Kf6 38. Qf8+) 35... Qf6 36. Qxf6+ (36. Qd6 $11) 36... Kxf6 {KP-KP. White is on the road to losing.} 37. Kg2 $2 {[%mdl 8192]} (37. Kf1 $17) 37... e5 $19 38. dxe5+ Kxe5 39. Kf3 d4 40. cxd4+ Kxd4 41. h4 gxh4 42. gxh4 a5 43. Ke2 b4 44. axb4 axb4 {K3P-K3P} 45. h5 {[#]} Ke4 $1 {[%cal Re4f4]} ({Weaker is} 45... c3 46. Kd1 $11) 46. f3+ Kf4 47. Kd2 Kxf3 {K3P-KPP} 48. b3 c3+ 49. Kc2 Kg4 50. Kd1 Kxh5 {KP-KP} 51. Kc2 Kg4 52. Kd3 h5 53. Kc4 h4 (53... c2 $19 54. Kxb4 c1=Q 55. Kb5 h4 56. Kb6 h3 57. Kb7 h2 58. Ka6 h1=Q 59. Kb6 Qcc6+ 60. Ka5 Qhd5+ {[%mdl 64] Double Attack} 61. Kb4 Qdc5#) 54. Kxb4 {KPP-KP. Black mates.} c2 55. Kc3 c1=Q+ 56. Kd4 Qb1 57. Kc4 {[#]} Qxb3+ $1 58. Kxb3 {KP-K} Kg3 59. Kc4 h3 60. Kd5 h2 61. Ke4 h1=Q+ 62. Kf5 Qf1+ 63. Ke5 Kg4 64. Kd4 Qf3 65. Ke5 Kg5 66. Kd4 Qf4+ 67. Kc5 Qe5+ 68. Kc4 Kf5 69. Kd3 Ke6 70. Kd2 Kd6 71. Kd3 Qf4 72. Kc2 Kd5 73. Kb3 Qe4 {( -> ...Qd3+)} 74. Kc3 Kc5 {Accuracy: White = 60%, Black = 81%.} 0-1

[Event "Stay Safe Play From Home 233"]
[Site "Emanuel Lasker Arena"]
[Date "2020.06.17"]
[Round "5"]
[White "SoulofWolf"]
[Black "Broken sword"]
[Result "0-1"]
[WhiteElo "2149"]
[BlackElo "2447"]
[Annotator "TA"]
[PlyCount "26"]
[EventDate "2020.06.17"]
[EventType "swiss (blitz)"]

{[%evp 9,26,12,21,15,24,5,16,8,14,-9,20,-52,-61,-527,-524,-918,-928,-916,-914]} 1. c4 c6 2. d4 d5 3. Nf3 Nf6 4. Bg5 Bf5 5. Bxf6 gxf6 6. e3 {D11: Slav Defence: 3 Nf3 sidelines and 3...Nf6 4 e3 Bg4.} e6 7. Bd3 Bg6 8. Nc3 {The position is equal.} Nd7 {[#]} 9. Qe2 $146 ({Predecessor:} 9. O-O Bg7 10. e4 dxe4 11. Bxe4 O-O 12. Qe2 Re8 13. Rad1 Qa5 14. a3 Rad8 15. Rfe1 {0-1 (36) Sokolov,A (2583)-Short,N (2684) playchess.com INT 2004}) 9... Bb4 10. h4 (10. cxd5 $11 cxd5 11. O-O) 10... Qa5 $15 11. h5 $2 {[%mdl 8192]} (11. O-O $15) 11... Bxc3+ $19 {Black is clearly winning.} 12. bxc3 Qxc3+ {[%mdl 64] [#] Double Attack} 13. Nd2 Qxa1+ {[%mdl 64] Double Attack. White got outplayed after the opening} 0-1

[Event "Stay Safe Play From Home 233"]
[Site "Emanuel Lasker Arena"]
[Date "2020.06.17"]
[Round "5"]
[White "Bardellosport"]
[Black "Haris kollari 13"]
[Result "1-0"]
[WhiteElo "2060"]
[BlackElo "1707"]
[Annotator "NA RC"]
[PlyCount "83"]
[EventDate "2020.06.17"]
[EventType "swiss (blitz)"]

1. d4 {[%emt 0:00:01]} e6 {[%emt 0:00:01]} 2. e3 {[%emt 0:00:00]} d5 {[%emt 0:00:01]} 3. f4 {[%emt 0:00:00]} c5 {[%emt 0:00:01]} 4. Nf3 {[%emt 0:00:00]} Nc6 {[%emt 0:00:01]} 5. Bd3 {[%emt 0:00:00]} f5 {[%emt 0:00:01]} 6. c3 {[%emt 0:00:00]} c4 {[%emt 0:00:01]} 7. Ne5 {[%emt 0:00:00]} cxd3 {[%emt 0:00:02]} 8. Qxd3 {[%emt 0:00:00]} Nxe5 {[%emt 0:00:01]} 9. fxe5 {[%emt 0:00:00]} Be7 {[%emt 0:00:01]} 10. Qe2 {[%emt 0:00:00]} Nh6 {[%emt 0:00:01]} 11. O-O {[%emt 0:00:00]} O-O {[%emt 0:00:03]} 12. Nd2 {[%emt 0:00:00]} Bd7 {[%emt 0:00:02]} 13. b3 {[%emt 0:00:00]} Qe8 {[%emt 0:00:01]} 14. Bb2 {[%emt 0:00:00]} a5 {[%emt 0:00:01]} 15. c4 {[%emt 0:00:01]} dxc4 {[%emt 0:00:04]} 16. Nxc4 {[%emt 0:00:01]} Bb5 {[%emt 0:00:03]} 17. Rac1 {[%emt 0:00:01]} a4 {[%emt 0:00:01]} 18. e4 {[%emt 0:00:01]} axb3 {[%emt 0:00:01]} 19. axb3 {[%emt 0:00:01]} fxe4 {[%emt 0:00:01]} 20. Qxe4 {[%emt 0:00:01]} Nf5 {[%emt 0:00:01]} 21. g4 {[%emt 0:00:02]} Nh6 {[%emt 0:00:01]} 22. Rce1 {[%emt 0:00:02]} Rxf1+ {[%emt 0:00:02]} 23. Rxf1 {[%emt 0:00:01]} Bxc4 {[%emt 0:00:01]} 24. bxc4 {[%emt 0:00:01]} Ra2 {[%emt 0:00:01]} 25. Rf2 {[%emt 0:00:01]} Qa4 {[%emt 0:00:02]} 26. Qe2 {[%emt 0:00:02]} Qb3 {[%emt 0:00:03]} 27. d5 {[%emt 0:00:01]} exd5 {[%emt 0:00:02]} 28. cxd5 {[%emt 0:00:00]} Qxd5 {[%emt 0:00:01]} 29. Qd2 {[%emt 0:00:04]} Qxd2 {[%emt 0:00:04]} 30. Rxd2 {[%emt 0:00:00]} Bc5+ {[%emt 0:00:02]} 31. Kg2 {[%emt 0:00:01]} Nxg4 {[%emt 0:00:01]} 32. Kf3 {[%emt 0:00:02]} Nxe5+ {[%emt 0:00:02]} 33. Ke4 {[%emt 0:00:01]} Nc4 {[%emt 0:00:01]} 34. Rd8+ {[%emt 0:00:01]} Kf7 {[%emt 0:00:01]} 35. Bc1 {[%emt 0:00:01]} Nd6+ {[%emt 0:00:02]} 36. Kd5 {[%emt 0:00:01]} b6 {[%emt 0:00:01]} 37. Rd7+ {[%emt 0:00:01]} Kf6 {[%emt 0:00:02]} 38. Kc6 {[%emt 0:00:00]} Ne4 {[%emt 0:00:02]} 39. Bf4 {[%emt 0:00:03]} Rf2 {[%emt 0:00:01]} 40. Bc7 {[%emt 0:00:02]} Rf5 {[%emt 0:00:01]} 41. Bd8+ {[%emt 0:00:00]} Kg6 {[%emt 0:00:01]} 42. Rd5 {[%emt 0:00:01] Time (Lag: Av=0.37s, max=1.0s)} 1-0

[Event "Stay Safe Play From Home 233"]
[Site "Emanuel Lasker Arena"]
[Date "2020.06.17"]
[Round "5"]
[White "Fischer_11"]
[Black "Trotsky"]
[Result "1-0"]
[WhiteElo "2036"]
[BlackElo "1447"]
[Annotator "NA RC"]
[PlyCount "45"]
[EventDate "2020.06.17"]
[EventType "swiss (blitz)"]

1. e4 {[%emt 0:00:02]} c5 {[%emt 0:00:01]} 2. c3 {[%emt 0:00:00]} e6 {[%emt 0:00:00]} 3. d4 {[%emt 0:00:01]} d5 {[%emt 0:00:01]} 4. exd5 {[%emt 0:00:00]} exd5 {[%emt 0:00:01]} 5. Be3 {[%emt 0:00:00]} c4 {[%emt 0:00:01]} 6. b3 {[%emt 0:00:00]} Be6 {[%emt 0:00:01]} 7. bxc4 {[%emt 0:00:01]} Bd6 {[%emt 0:00:01]} 8. Nd2 {[%emt 0:00:00]} Nc6 {[%emt 0:00:01]} 9. cxd5 {[%emt 0:00:00]} Qc7 {[%emt 0:00:00]} 10. dxe6 {[%emt 0:00:01]} O-O-O {[%emt 0:00:01]} 11. exf7 {[%emt 0:00:01]} Nf6 {[%emt 0:00:01]} 12. c4 {[%emt 0:00:01]} Rdg8 {[%emt 0:00:02]} 13. c5 {[%emt 0:00:00]} Rf8 {[%emt 0:00:01]} 14. cxd6 {[%emt 0:00:01]} Qxd6 {[%emt 0:00:01]} 15. Ngf3 {[%emt 0:00:02]} Rxf7 {[%emt 0:00:01]} 16. Bd3 {[%emt 0:00:01]} h5 {[%emt 0:00:01]} 17. Rc1 {[%emt 0:00:02]} Kb8 {[%emt 0:00:01]} 18. Ne4 {[%emt 0:00:01]} Qc7 {[%emt 0:00:02]} 19. Nxf6 {[%emt 0:00:02]} gxf6 {[%emt 0:00:01]} 20. d5 {[%emt 0:00:01]} Ne5 {[%emt 0:00:01]} 21. Nxe5 {[%emt 0:00:01]} Qd6 {[%emt 0:00:01]} 22. Nxf7 {[%emt 0:00:02]} Qe7 {[%emt 0:00:02]} 23. Nxh8 {[%emt 0:00:01] Trotsky Ñäàåòñÿ (Lag: Av=0.23s, max=0.6s)} 1-0